000 00383pam a2200157a 44500
008 230515b2008 xxu||||| |||| 00| 0 eng d
020 _aNULL
041 _aMARATHI
082 _aNULL
100 _aSAVANT E.V.
245 _aSHODHA BHAVANI TALWARICHA
250 _a1
260 _aKOLHAPUR
_bINPHARMA PUBLICATION
_c2008
300 _a121
650 _aSHODHA BHAVANI TALWARICHANULL
999 _c477812
_d477812